Essential grammar in use: a self-study reference and practice book for elementary students of english with answers/

Enregistré dans:
Détails bibliographiques
Auteur principal: Murphy Raymond
Format: Livre
Publié: New York: Cambridge university press, c2007.
Édition:3rd ed.
Sujets:
Tags: Ajouter un tag
Pas de tags, Soyez le premier à ajouter un tag!

MARC

LEADER 00000nam a22000007a 4500
005 20260419111225.0
020 |a 9780521675802  |c TZS 94,000/= 
040 |a MCCL  |b eng.  |e AACR 2nd rev. ed. 
082 |a 428 MUR 
100 |a Murphy Raymond 
245 |a Essential grammar in use:  |b a self-study reference and practice book for elementary students of english with answers/  |c Raymond Murphy 
250 |a 3rd ed. 
260 |a New York:  |b Cambridge university press,  |c c2007. 
300 |a xi,319p.:  |b ill.col.;  |c 24 cm. 
546 |a eng. 
650 |a Grammar in use 
942 |c BK 
999 |c 12703  |d 12703